=LDR 00000nam 2200000 4500 =001 INLIS000000000001800 =005 20130612090204 =008 ***********************************Ind** =035 ##$$0010-061300000001800 =041 ##$$a Ind =082 ##$$a 614.4 =090 ##$$a 614.4, Fle s =100 ##$$a Fletcher,Robert H =245 ##$$a Seriepidemiologi klinik, Robert H.Fletcher;Penerjemah,Tonny Sadjiman =260 ##$$a 1992 $b Yogyakarta =300 ##$$a xii,342 hlm, ilus, 21 cm =650 ##$$a Epidemiologi =850 ##$$a NBPNMAT